| 000 | 00527nam a2200193Ia 4500 | ||
|---|---|---|---|
| 008 | 180207s9999 xx 000 0 und d | ||
| 020 | _a9780439880343 | ||
| 050 | _bP218 2006 | ||
| 100 | _aPappas, Diane H. | ||
| 245 | _aStay away from strangers / | ||
| 245 | _cby Diane H. Pappas and Richard D. Covey ; illustrated by Ric Estrada. | ||
| 260 | _aNew York : | ||
| 260 | _bScholastic, | ||
| 260 | _c2006 | ||
| 300 | _aunpaged : | ||
| 300 | _bcolor illustrations ; | ||
| 300 | _c18cm. | ||
| 440 | _aJust be safe series. | ||
| 999 |
_c355636 _d355636 |
||